Chronological tables,containing corresponding dates of different areas used in the provinces of Bengal, Bihar, Orissa and Beharas and the coded and conquered provinces (Record no. 393)

MARC details
000 -LEADER
fixed length control field 00720nam a2200193Ia 4500
003 - CONTROL NUMBER IDENTIFIER
control field IN-BaIIA
008 - FIXED-LENGTH DATA ELEMENTS--GENERAL INFORMATION
fixed length control field 211028s9999 xx 000 0 eng d
040 ## - CATALOGING SOURCE
Transcribing agency IIA Library
080 ## - UNIVERSAL DECIMAL CLASSIFICATION NUMBER
Universal Decimal Classification number 52(083)
Item number REI
100 ## - MAIN ENTRY--PERSONAL NAME
Personal name Reio, J. F. M.
9 (RLIN) 887
245 #0 - TITLE STATEMENT
Title Chronological tables,containing corresponding dates of different areas used in the provinces of Bengal, Bihar, Orissa and Beharas and the coded and conquered provinces
Statement of responsibility, etc. J. F. M. Reio
260 ## - PUBLICATION, DISTRIBUTION, ETC.
Place of publication, distribution, etc. Calcutta
Name of publisher, distributor, etc. Thacker Spink
Date of publication, distribution, etc. 1835
300 ## - PHYSICAL DESCRIPTION
Extent viii,162
650 ## - SUBJECT ADDED ENTRY--TOPICAL TERM
Topical term or geographic name entry element Astronomy and Astrophysics Thesaurus
650 ## - SUBJECT ADDED ENTRY--TOPICAL TERM
Topical term or geographic name entry element Chronological Tables
9 (RLIN) 888
650 ## - SUBJECT ADDED ENTRY--TOPICAL TERM
Topical term or geographic name entry element Ephemeris
9 (RLIN) 889
650 ## - SUBJECT ADDED ENTRY--TOPICAL TERM
Topical term or geographic name entry element Indian Ephemeris
9 (RLIN) 890
942 ## - ADDED ENTRY ELEMENTS (KOHA)
Koha item type Books
Holdings
Withdrawn status Lost status Damaged status Not for loan Home library Current library Shelving location Date acquired Total Checkouts Full call number Barcode Date last seen Price effective from Koha item type
        IIA Library-Bangalore IIA Library-Kodaikanal General Stacks     52(083)/ REI 387 05/11/2021   Books

Powered by Koha